000 00339nam a2200145Ia 4500
008 230312s9999||||xx |||||||||||||| ||und||
020 _a3-8365-0773-8
082 _a747.0974
_bTAS-N
100 _aTaschen;Angelika
245 0 _aNew York Style
260 _bTaschen
_aChina
_c2006
300 _a129
650 _aArchitecture
942 _cBK
999 _c12091
_d12091